| 000 | 00726cab a2200229 4500 | ||
|---|---|---|---|
| 001 | X3477 | ||
| 008 | 090401t1996 xxu||||| |||| 00| 0 eng d | ||
| 035 | _a(Sirsi) u30750 | ||
| 041 | _aeng | ||
| 245 | _aChorley BC v Ribble Motor Services | ||
| 260 | _c1996 | ||
| 350 | _a0 | ||
| 490 |
_aNew Property Cases _v[1996] NPC (2) |
||
| 520 | _aCA 20 June 1996. A tenant which covenants to keep toilets in a bus station clean and conducted in a decent manner does not covenant to keep them open. (HEADNOTE FROM JOURNAL) - NO PHOTOCOPYING. | ||
| 650 | _aBUS STATION | ||
| 650 | _aCOVENANTS | ||
| 650 | _aLEASES | ||
| 650 | _aPUBLIC TOILETS | ||
| 690 | _aLANDLORD AND TENANT-CASE LAW | ||
| 942 | _n0 | ||
| 948 | _c04/03/1997 | ||
| 999 |
_c20726 _d20726 |
||